Normal view
MARC view
- عهد الامير عبدالله 1921-1946 - التربية والتعليم - الوثائق - تاريخ الاردن
Entry Topical Term
001 - CONTROL NUMBER
- control field: 65156
003 - CONTROL NUMBER IDENTIFIER
- control field: JO-AjAnu
005 - DATE AND TIME OF LATEST TRANSACTION
- control field: 20240326101859.0
008 - FIXED-LENGTH DATA ELEMENTS
- fixed length control field: 240326|| aca||babn | a|a d
040 ## - CATALOGING SOURCE
- Original cataloging agency: JO-AjAnu
150 ## - HEADING--TOPICAL TERM
- Topical term or geographic name entry element: عهد الامير عبدالله 1921-1946 - التربية والتعليم - الوثائق - تاريخ الاردن